The ethnic conflict in Sri-Lanka : (Record no. 38738)

MARC details
000 -LEADER
fixed length control field 00944nam a22002417a 4500
005 - DATE AND TIME OF LATEST TRANSACTION
control field 20100802152659.0
010 ## - LCCN (DPL NO)
LC control number ENG-97769
020 ## - INTERNATIONAL STANDARD BOOK NUMBER
International Standard Book Number 8186762310
Terms of availability 300.00
020 ## - INTERNATIONAL STANDARD BOOK NUMBER
International Standard Book Number 9788186762318
Terms of availability 300.00
035 ## - SYSTEM CONTROL NUMBER
System control number EN-81302
037 ## - SOURCE OF ACQUISITION
Source of stock number/acquisition DBAD/PUB
082 ## - DEWEY DECIMAL CLASSIFICATION NUMBER
Classification number 327.5405493
100 ## - MAIN ENTRY--PERSONAL NAME
Personal name Gulam Mohammand Dar
245 ## - TITLE STATEMENT
Title The ethnic conflict in Sri-Lanka :
Remainder of title impact on Indo-Sri-Lanka relations /
Statement of responsibility, etc by Gulam Mohammand Dar
260 ## - PUBLICATION, DISTRIBUTION, ETC. (IMPRINT)
Place of publication, distribution, etc New Delhi
Name of publisher, distributor, etc Dilpreet Publishing House
Date of publication, distribution, etc 2010
270 ## - ADDRESS
Address 4393/4A, First Floor, Ansari Road, Darya Ganj,
City New Delhi
Postal code 110002
300 ## - PHYSICAL DESCRIPTION
Extent viii,118p.
Dimensions 23cm (Hb)
500 ## - GENERAL NOTE
General note Includes bibliographical references
650 ## - SUBJECT ADDED ENTRY--TOPICAL TERM
Topical term or geographic name as entry element Ethnic Conflict
650 ## - SUBJECT ADDED ENTRY--TOPICAL TERM
Topical term or geographic name as entry element International Relations
942 ## - ADDED ENTRY ELEMENTS (KOHA)
Source of classification or shelving scheme Dewey Decimal Classification
Item type English Books
Classification part 327.5405493
Call number suffix GUL
Holdings
Withdrawn status Lost status Not for loan Collection code Home library Current library Date acquired Source of acquisition Cost, normal purchase price Full call number Barcode Copy number Cost, replacement price Koha item type
    Not For Loan Non-fiction D.B.Act.Division D.B.Act.Division 02/08/2010 DBAD/PUB 300.00 327.5405493 GUL EN-81302 1 300.00 English Books

© Delhi Public Library
Hit Counter
free hit counter